FUNDAMENTALS OF MATHEMATICAL STATISTICS (Record no. 216332)

MARC details
000 -LEADER
fixed length control field 00419nam a22001577a 4500
008 - FIXED-LENGTH DATA ELEMENTS--GENERAL INFORMATION
fixed length control field 251204b |||||||| |||| 00| 0 eng d
020 ## - INTERNATIONAL STANDARD BOOK NUMBER
International Standard Book Number 978-93-5161-173-8
100 ## - MAIN ENTRY--PERSONAL NAME
Personal name GUPTA S.C
245 ## - TITLE STATEMENT
Title FUNDAMENTALS OF MATHEMATICAL STATISTICS
260 ## - PUBLICATION, DISTRIBUTION, ETC.
Place of publication, distribution, etc. NEW DELHI
Name of publisher, distributor, etc. SULTAN CHAND AND SONS
Date of publication, distribution, etc. 2020
300 ## - PHYSICAL DESCRIPTION
Extent X,2140
500 ## - GENERAL NOTE
General note INCLUDES APPENDIX
700 ## - ADDED ENTRY--PERSONAL NAME
Personal name KAPOOR V.K
942 ## - ADDED ENTRY ELEMENTS (KOHA)
Source of classification or shelving scheme Library of Congress Classification
Koha item type Long Loan Book
Holdings
Withdrawn status Lost status Source of classification or shelving scheme Damaged status Not for loan Collection Home library Current library Shelving location Date acquired Inventory number Total checkouts Full call number Barcode Date last seen Date last checked out Copy number Price effective from Koha item type
    Library of Congress Classification     Science & Technology Kisii University Library Kisii University Library On Display 12/04/2025 110335 3 QA 276.G87 2020 000000001421 04/14/2026 03/31/2026 C.4 12/04/2025 Long Loan Book
    Library of Congress Classification     Science & Technology Kisii University Library Kisii University Library On Display 12/04/2025 110354 2 QA 276.G87 2020 000000001422 03/25/2026 03/18/2026 C.3 12/04/2025 Long Loan Book
    Library of Congress Classification     Science & Technology Kisii University Library Kisii University Library On Display 12/04/2025 110353   QA 276.G87 2020 000000001423 12/04/2025   C.2 12/04/2025 Long Loan Book
    Library of Congress Classification     Science & Technology Kisii University Library Kisii University Library On Display 12/04/2025 2 1 QA 276.G87 2020 000000001424 03/24/2026 03/15/2026 C.1 12/04/2025 Long Loan Book